| 000 | 005180000a22001570004500 | ||
|---|---|---|---|
| 090 |
_aAR _b00762 |
||
| 245 | 1 | 0 | _aAlgunos aspectos de la problemática ecológica del sector costa norte de Colombia |
| 650 | 1 | 4 |
_aEcología _992250 |
| 650 | 1 | 4 |
_aProblemas ambientales _914279 |
| 650 | 1 | 4 |
_aCosta caribe _993948 |
| 651 | 4 |
_pColombia _992749 |
|
| 041 | 0 | _aEspañol | |
| 110 | 1 |
_aInstituto Nacional de los Recursos Naturales Renovables y del Ambiente _sINDERENA _993947 |
|
| 942 | _cARTICULO | ||
| 773 | 1 |
_tPreprint _33 _q1-7 _d1980? |
|
| 999 |
_c9853 _d9853 |
||